000 00198nam a2200073Ia 4500
008 180219s9999 xx 000 0 und d
100 _aReddy Venketeswara
245 0 _aMethods Of Teaching Rural Sociology
260 _aNew Delhi D P H
999 _c41349
_d41349